[Event "Joao Pessoa Fischer Memorial 8th"]
[Site "Joao Pessoa"]
[Date "2017.03.17"]
[Round "2"]
[White "Cardoso Pimenta, Ciro Jose"]
[Black "Barbosa, Paulo Eduardo E Sil"]
[Result "0-1"]
[WhiteElo "1997"]
[BlackElo "2274"]
[PlyCount "88"]
[EventDate "2017.03.17"]
[EventType "swiss"]
[EventRounds "6"]
[EventCountry "BRA"]
[SourceTitle "CBM 177 Extra"]
[Source "ChessBase"]
[SourceDate "2017.04.27"]
[SourceVersion "1"]
[SourceVersionDate "2017.04.27"]
[SourceQuality "1"]

1. Nf3 Nf6 2. c4 g6 3. g3 Bg7 4. Bg2 0-0 5. 0-0 d5 6. d4 c6 7. Nbd2 a6 8. Re1 Bf5 9. c5 Ne4 10. Qb3 Qc8 11. Nxe4 Bxe4 12. Bf4 Nd7 13. Rad1 Re8 14. Bh3 Bxf3 15. exf3 e6 16. Re3 Ra7 17. Qb4 a5 18. Qd2 Qd8 19. Rc1 Qf6 20. Rd3 Qd8 21. Ra3 f5 22. Bf1 Ra8 23. Rb3 Qc8 24. Re1 e5 25. Bxe5 Nxe5 26. dxe5 Rxe5 27. Rxe5 Bxe5 28. f4 Bf6 29. Bg2 Qd7 30. Rb6 Re8 31. Bf3 Be7 32. Qxa5 Bd8 33. Qb4 Bxb6 34. cxb6 Qe7 35. Qd4 Kf7 36. h4 h5 37. b4 Qf6 38. Qd2 Qa1+ 39. Kh2 d4 40. b5 Qc3 41. Qd1 Re1 42. bxc6 Rxd1 43. Bd5+ Kg7 44. cxb7 Qc5 0-1

[Event "Joinville op U220"]
[Site "Joinville"]
[Date "2017.02.19"]
[Round "7"]
[White "Volkmann, Andre Jordi"]
[Black "Cardoso Pimenta, Ciro Jose"]
[Result "0-1"]
[WhiteElo "1860"]
[BlackElo "2027"]
[PlyCount "74"]
[EventDate "2017.02.17"]
[EventType "swiss"]
[EventRounds "7"]
[EventCountry "BRA"]
[SourceTitle "CBM 177 Extra"]
[Source "ChessBase"]
[SourceDate "2017.04.27"]
[SourceVersion "1"]
[SourceVersionDate "2017.04.27"]
[SourceQuality "1"]

1. d4 d5 2. c4 e6 3. a3 Nf6 4. Nc3 Be7 5. Bf4 a6 6. cxd5 exd5 7. Nf3 0-0 8. e3 Nc6 9. Bd3 Re8 10. Qc2 h6 11. Ne5 Nxe5 12. Bxe5 Ng4 13. Bg3 c5 14. 0-0 c4 15. Bf5 Bd6 16. Bxc8 Rxc8 17. Qf5 Bxg3 18. hxg3 Nf6 19. Rfe1 Rc6 20. Rac1 g6 21. Qf3 Kg7 22. Qe2 Rce6 23. Qd2 Ng4 24. Ne2 g5 25. Nc3 b5 26. Re2 f5 27. Rce1 Nf6 28. f3 Qd6 29. Kf2 Nh5 30. f4 Nf6 31. Qc2 Ng4+ 32. Kf3 Kf6 33. Nd1 Re4 34. Qc3 Qe6 35. Qd2 Qd6 36. Qc3 R4e7 37. Rd2 Re6 0-1

[Event "Joinville op U220"]
[Site "Joinville"]
[Date "2017.02.17"]
[Round "2"]
[White "Cardoso Pimenta, Ciro Jose"]
[Black "Hille, Willian Henrique"]
[Result "1-0"]
[WhiteElo "2027"]
[BlackElo "1925"]
[PlyCount "45"]
[EventDate "2017.02.17"]
[EventType "swiss"]
[EventRounds "7"]
[EventCountry "BRA"]
[SourceTitle "CBM 177 Extra"]
[Source "ChessBase"]
[SourceDate "2017.04.27"]
[SourceVersion "1"]
[SourceVersionDate "2017.04.27"]
[SourceQuality "1"]

1. Nf3 f5 2. c4 Nf6 3. d4 g6 4. Nc3 Bg7 5. g3 0-0 6. Bg2 d6 7. 0-0 Qe8 8. Qb3 c6 9. Bd2 Kh8 10. Rae1 Ne4 11. Nxe4 fxe4 12. Ng5 Bxd4 13. Bc3 e5 14. Bxd4 exd4 15. Nxe4 Qe7 16. e3 dxe3 17. Rxe3 Na6 18. Qc3+ Kg8 19. Nc5 Qxe3 20. fxe3 Rxf1+ 21. Bxf1 dxc5 22. Qf6 Bd7 23. Qe7 1-0

[Event "American Continental 11th"]
[Site "Montevideo"]
[Date "2015.05.17"]
[Round "3"]
[White "Porteiro, Rodrigo"]
[Black "Cardoso Pimenta, Ciro Jose"]
[Result "0-1"]
[WhiteElo "1727"]
[BlackElo "2066"]
[PlyCount "68"]
[EventDate "2015.05.15"]
[EventType "swiss"]
[EventRounds "11"]
[EventCountry "URU"]
[SourceTitle "CBM 167"]
[Source "ChessBase"]
[SourceDate "2015.07.13"]
[SourceVersion "1"]
[SourceVersionDate "2015.07.13"]
[SourceQuality "1"]

1. e4 e5 2. Nf3 d6 3. d4 Nd7 4. Bc4 c6 5. 0-0 Be7 6. Nc3 b5 7. Bb3 Ngf6 8. Re1 b4 9. Nb1 0-0 10. Nbd2 Qc7 11. c3 a5 12. Nf1 c5 13. d5 c4 14. Bc2 Nc5 15. Ng3 Rb8 16. Bd2 g6 17. h3 b3 18. axb3 cxb3 19. Bb1 Ba6 20. Bh6 Rfc8 21. Qd2 Nfd7 22. Rc1 Nb6 23. Ne1 Nc4 24. Qe2 a4 25. Be3 a3 26. Bd3 Nxd3 27. Qxd3 axb2 28. Bh6 bxc1Q 29. Rxc1 b2 30. Rb1 Na3 31. Qf3 Nxb1 32. Nh5 Qd8 33. Bg7 Rxc3 34. Qg4 gxh5 0-1

[Event "American Continental 11th"]
[Site "Montevideo"]
[Date "2015.05.15"]
[Round "1"]
[White "Mekhitarian, Krikor Sevag"]
[Black "Cardoso Pimenta, Ciro Jose"]
[Result "1-0"]
[WhiteElo "2572"]
[BlackElo "2066"]
[PlyCount "62"]
[EventDate "2015.05.15"]
[EventType "swiss"]
[EventRounds "11"]
[EventCountry "URU"]
[SourceTitle "CBM 167"]
[Source "ChessBase"]
[SourceDate "2015.07.13"]
[SourceVersion "1"]
[SourceVersionDate "2015.07.13"]
[SourceQuality "1"]

1. d4 Nf6 2. c4 e6 3. Nf3 Bb4+ 4. Nbd2 0-0 5. a3 Bxd2+ 6. Qxd2 d5 7. e3 c5 8. dxc5 Ne4 9. Qc2 Nxc5 10. b4 Ne4 11. Bb2 a5 12. b5 a4 13. Bd3 Qa5+ 14. Ke2 f5 15. cxd5 exd5 16. Rac1 Nd7 17. Qc7 b6 18. Rhd1 Ndf6 19. Ne5 Qa7 20. Bd4 Nc5 21. Qxa7 Rxa7 22. Bxc5 bxc5 23. Rxc5 Ne4 24. Bxe4 dxe4 25. Rd6 Rb7 26. Kd2 g6 27. b6 Re8 28. Kc3 Rbe7 29. Nc6 Rb7 30. Na7 Be6 31. Rc7 Reb8 1-0

[Event "Parana-ch"]
[Site "Curitiba"]
[Date "2015.02.01"]
[Round "8"]
[White "Cruz, William Ferreira Da"]
[Black "Cardoso Pimenta, Ciro Jose"]
[Result "1-0"]
[WhiteElo "2238"]
[BlackElo "2037"]
[PlyCount "83"]
[EventDate "2015.01.28"]
[EventType "swiss"]
[EventRounds "8"]
[EventCountry "BRA"]
[SourceTitle "CBM 164 Extra"]
[Source "ChessBase"]
[SourceDate "2015.03.02"]
[SourceVersion "1"]
[SourceVersionDate "2015.03.02"]
[SourceQuality "1"]

1. d4 Nf6 2. Nf3 e6 3. c4 b6 4. Nc3 Bb7 5. Bg5 Be7 6. e3 0-0 7. Bd3 d5 8. 0-0 Nbd7 9. Qe2 h6 10. Bh4 Ne4 11. Bxe7 Qxe7 12. Rac1 Rac8 13. cxd5 exd5 14. Ba6 Nxc3 15. Rxc3 Bxa6 16. Qxa6 c5 17. dxc5 bxc5 18. Nd4 Nb8 19. Nf5 Qd7 20. Qd3 g6 21. Nh4 d4 22. exd4 Qxd4 23. Qg3 Kh7 24. Nf3 Qd5 25. Qe5 Qxa2 26. Ng5+ Kg8 27. Rh3 Nd7 28. Qc3 h5 29. Rd1 Qa4 30. Rhd3 Qf4 31. Nh3 Qb4 32. Rxd7 Rb8 33. Qxb4 Rxb4 34. R1d2 Re8 35. g3 Reb8 36. Rxa7 Rxb2 37. Rdd7 Rf8 38. Rac7 Rc2 39. Ng5 h4 40. gxh4 Rc4 41. Nxf7 Rxh4 42. Ne5 1-0

[Event "Parana-ch"]
[Site "Curitiba"]
[Date "2013.01.22"]
[Round "1"]
[White "Santos Neto, Amazonas"]
[Black "Cardoso Pimenta, Ciro Jose"]
[Result "0-1"]
[WhiteElo "1793"]
[BlackElo "2037"]
[PlyCount "96"]
[EventDate "2013.01.22"]
[EventType "swiss"]
[EventRounds "9"]
[EventCountry "BRA"]
[SourceTitle "CBM 152 Extra"]
[Source "ChessBase"]
[SourceDate "2013.02.25"]
[SourceVersion "1"]
[SourceVersionDate "2013.02.25"]
[SourceQuality "1"]

1. c4 Nf6 2. Nf3 e6 3. Nc3 d5 4. cxd5 exd5 5. d4 Bd6 6. Bg5 c6 7. e4 dxe4 8. Nxe4 Bb4+ 9. Nc3 0-0 10. Be2 Bf5 11. 0-0 h6 12. Bh4 Nbd7 13. Qb3 Qb6 14. Rfd1 Bd6 15. Qxb6 axb6 16. a3 b5 17. Nd2 Rfe8 18. Bf1 b4 19. Ncb1 Bf4 20. f3 Nd5 21. Nc4 b5 22. Nbd2 bxc4 23. Nxc4 N7f6 24. Bf2 Bc2 25. Re1 b3 26. g3 Bc7 27. Nd2 Rxe1 28. Bxe1 Ne3 29. Be2 Bb6 30. Nb1 Bxd4 31. Bc3 Bb6 32. Kh1 Re8 33. Nd2 Ned5 34. Bc4 Nxc3 35. Bxb3 Bxb3 36. Nxb3 Nb5 37. Rc1 Nd4 38. Nxd4 Bxd4 39. Rxc6 Bxb2 40. a4 Re2 41. a5 Bd4 42. Rd6 Ba7 43. Rd8+ Kh7 44. a6 Re6 45. Rf8 Rxa6 46. Kg2 Ra2+ 47. Kh3 Bg1 48. g4 Bxh2 0-1

[Event "Curitiba CC 75 years"]
[Site "Curitiba"]
[Date "2013.01.18"]
[Round "2"]
[White "Matsuura, Frederico"]
[Black "Cardoso Pimenta, Ciro Jose"]
[Result "1-0"]
[WhiteElo "2287"]
[BlackElo "2037"]
[PlyCount "29"]
[EventDate "2013.01.18"]
[EventType "swiss"]
[EventRounds "6"]
[EventCountry "BRA"]
[SourceTitle "EXT 2014"]
[Source "ChessBase"]
[SourceDate "2013.11.20"]
[SourceVersion "1"]
[SourceVersionDate "2013.11.20"]
[SourceQuality "1"]

1. e4 e5 2. Nf3 d6 3. d4 Nd7 4. Bc4 c6 5. dxe5 dxe5 6. Ng5 Nh6 7. Qh5 Nf6 8. Qe2 Bc5 9. Nc3 Bg4 10. f3 Bh5 11. g4 Nfxg4 12. fxg4 Bxg4 13. Bxf7+ Kf8 14. Qc4 Bd4 15. Rf1 1-0

[Event "Sao Jose do Rio Preto CC-A"]
[Site "Sao Jose do Rio Preto"]
[Date "2012.05.11"]
[Round "4"]
[White "Cardoso Pimenta, Ciro Jose"]
[Black "Silva, Alexei Kovalczuk Af"]
[Result "1/2-1/2"]
[WhiteElo "2039"]
[BlackElo "2072"]
[PlyCount "24"]
[EventDate "2012.05.11"]
[EventType "tourn"]
[EventRounds "9"]
[EventCountry "BRA"]
[SourceTitle "EXT 2014"]
[Source "ChessBase"]
[SourceDate "2013.11.20"]
[SourceVersion "1"]
[SourceVersionDate "2013.11.20"]
[SourceQuality "1"]

1. e4 c6 2. d4 d5 3. Nc3 dxe4 4. Nxe4 Bf5 5. Ng3 Bg6 6. Nf3 Nd7 7. Nh4 e6 8. Nxg6 hxg6 9. Bd3 Ngf6 10. c3 Bd6 11. Qf3 Qc7 12. Bg5 a6 1/2-1/2

[Event "Parana-ch"]
[Site "Campo Mourao"]
[Date "2011.01.30"]
[Round "9"]
[White "Choma, Juliana Luiza"]
[Black "Cardoso Pimenta, Ciro Jose"]
[Result "0-1"]
[WhiteElo "1888"]
[BlackElo "2052"]
[PlyCount "94"]
[EventDate "2011.01.25"]
[EventType "swiss"]
[EventRounds "9"]
[EventCountry "BRA"]
[SourceTitle "CBM 140 Extra"]
[Source "ChessBase"]
[SourceDate "2011.03.01"]
[SourceVersion "1"]
[SourceVersionDate "2011.03.01"]
[SourceQuality "1"]

1. Nf3 e6 2. g3 b6 3. Bg2 Bb7 4. 0-0 Nf6 5. d4 Be7 6. c4 0-0 7. Nc3 d5 8. b3 dxc4 9. bxc4 c5 10. d5 exd5 11. Ne1 Ne4 12. Nxd5 Bxd5 13. Qxd5 Qxd5 14. cxd5 Bf6 15. Bxe4 Bxa1 16. d6 Nd7 17. Bxa8 Rxa8 18. Nf3 Be5 19. Rd1 f6 20. Nxe5 Nxe5 21. f4 Nc4 22. f5 Rd8 23. Bf4 Kf7 24. h4 Ke8 25. e4 Kd7 26. Kf2 Kc6 27. d7 Rxd7 28. Rxd7 Kxd7 29. Ke2 b5 30. h5 a6 31. h6 gxh6 32. Bxh6 Kd6 33. Bf4+ Ne5 34. g4 h6 35. Bxh6 Nxg4 36. Bf8+ Kc6 37. Bg7 Kd6 38. Bf8+ Kc6 39. Bg7 b4 40. Kd2 c4 41. Kc2 a5 42. a3 b3+ 43. Kc3 Kd6 44. Bf8+ Ke5 45. Bc5 Kxe4 46. Bd4 Ne5 47. Bb6 a4 0-1

[Event "Parana-ch"]
[Site "Campo Mourao"]
[Date "2011.01.25"]
[Round "2"]
[White "Cardoso Pimenta, Ciro Jose"]
[Black "Tavares, Imyra Cecilia"]
[Result "1/2-1/2"]
[WhiteElo "2052"]
[BlackElo "1918"]
[PlyCount "93"]
[EventDate "2011.01.25"]
[EventType "swiss"]
[EventRounds "9"]
[EventCountry "BRA"]
[SourceTitle "CBM 140 Extra"]
[Source "ChessBase"]
[SourceDate "2011.03.01"]
[SourceVersion "1"]
[SourceVersionDate "2011.03.01"]
[SourceQuality "1"]

1. Nf3 Nf6 2. g3 b6 3. Bg2 Bb7 4. 0-0 e6 5. c4 c5 6. Nc3 Be7 7. e3 0-0 8. d4 d5 9. Ne5 cxd4 10. exd4 Na6 11. Qa4 Nc7 12. Bf4 Qc8 13. Nc6 Qe8 14. Nxe7+ Qxe7 15. Rac1 Rfc8 16. Rfe1 Qd8 17. b4 Nce8 18. c5 bxc5 19. bxc5 a6 20. Bf1 Bc6 21. Qa3 Nh5 22. Bd2 Nc7 23. Na4 Bxa4 24. Qxa4 Nb5 25. Be2 Nf6 26. Bf4 Ne4 27. Bd3 Ng5 28. Kg2 Qf6 29. h4 Ne4 30. Bxe4 dxe4 31. Rxe4 Qf5 32. f3 Rc6 33. Qc4 h6 34. a4 Nc7 35. Bxc7 Rxc7 36. Rf4 Qg6 37. a5 Rc6 38. d5 exd5 39. Qxd5 Re8 40. Kf2 Rb8 41. Qd4 Qe6 42. Rg4 Qa2+ 43. Kg1 g6 44. Qa1 Qxa1 45. Rxa1 Rxc5 46. Ra2 Rbb5 47. Rga4 1/2-1/2

[Event "BRA-ch sf"]
[Site "Sao Paulo"]
[Date "2010.10.31"]
[Round "5"]
[White "Costa, Giovanni de Almeida"]
[Black "Cardoso Pimenta, Ciro Jose"]
[Result "1/2-1/2"]
[WhiteElo "1918"]
[BlackElo "2058"]
[PlyCount "56"]
[EventDate "2010.10.30"]
[EventType "swiss"]
[EventRounds "7"]
[EventCountry "BRA"]
[SourceTitle "EXT 2012"]
[Source "ChessBase"]
[SourceDate "2011.11.24"]
[SourceVersion "1"]
[SourceVersionDate "2011.11.24"]
[SourceQuality "1"]

1. d4 d5 2. Nf3 Nf6 3. c3 e6 4. Bg5 Be7 5. e3 0-0 6. Bd3 h6 7. Bh4 Nbd7 8. Nbd2 c5 9. 0-0 b6 10. Qe2 Bb7 11. Ne5 Nxe5 12. dxe5 Ne4 13. Bxe7 Qxe7 14. Bxe4 dxe4 15. Qg4 Qg5 16. Qxg5 hxg5 17. Rfd1 Bd5 18. c4 Bb7 19. Nf1 Rad8 20. Ng3 f6 21. exf6 gxf6 22. Ne2 Kf7 23. Kf1 Rh8 24. Rxd8 Rxd8 25. Ke1 Ke7 26. Rd1 Rh8 27. h3 Bc6 28. Kd2 f5 1/2-1/2